Statistiques concernant Nourriture-mots dans différentes langues germaniques

Cliquez ici pour prendre le quiz!

Statistiques générales

  • Ce quiz a été pris 137 fois
  • Le résultat moyen est 19 sur 77

Statistiques - réponses

PlaRéponse% Correct
LaitMilk
98%
EauWater
98%
EauWater
98%
PainBread
90%
CrèmeCream
88%
Crème glacéeIce Cream
87%
PatatePotato
87%
BièreBeer
79%
VinWine
78%
DéjeunerBreakfast
68%
BièreBier
63%
BièreBier
63%
OignonOnion
62%
EauWasser
59%
LaitMilch
58%
PainBrot
55%
PatateKartoffel
49%
PatateKartoffel
49%
VinVin
41%
VinVin
41%
VinVin
41%
VinVín
41%
VinWein
34%
LaitMelk
32%
LaitMelk
32%
ChouCabbage
29%
Crème glacéeEis
24%
DéjeunerFrühstück
21%
OignonZwiebel
18%
PainBrød
17%
PainBrød
17%
PainBröd
17%
ChouKohl
17%
CrèmeKrem
16%
PainBrood
14%
CrèmeSahne
13%
VinWijn
12%
DéjeunerOntbijt
8%
PatateAardappel
7%
Crème glacéeIs
7%
ChouKool
7%
BièreÖl
7%
BièreØl
7%
BièreØl
7%
OignonUi
5%
EauVatten
5%
ChouHvitkál
4%
ChouKål
4%
ChouKål
4%
ChouKål
4%
LaitMjólk
4%
LaitMjölk
4%
PatatePotet
4%
CrèmeRoom
4%
DéjeunerFrukost
3%
Crème glacéeGlass
3%
CrèmeGrädde
3%
OignonLök
3%
OignonLøk
3%
PatatePotatis
3%
DéjeunerFrokost
2%
LaitMælk
2%
Crème glacéeRoomijs
2%
CrèmeFløde
1%
OignonLøg
1%
DéjeunerMorgenmad
1%
DéjeunerMorgunmat
1%
EauVand
1%
EauVatn
1%
BièreBjór
0%
PainBrauđ
0%
CrèmeFløte
0%
Crème glacéeIskrem
0%
PatateKartöflu
0%
OigLaukur
0%
Crème glacéeRjőmaís
0%
EauVann
0%

Distribution des résultats

Percentile par nombre de réponses

% des personnes avec chaque résultat

Votre développement - résultats

Vous n’avez pas pris ce quiz